000 00459nam a2200181Ia 4500
001 22293
003 IN-NITTTR
005 20251114233252.0
008 251113s9999||||xx |||||||||||||| ||eng||
040 _beng
040 _cIN-NITTTR
041 _aeng
082 _a658 M323T
100 _aMargerison, Charles
245 0 _aTeam management :
_b practical new approaches /
_cMargerison, Charles, McCann, Dick
700 _a McCann, Dick
942 _2ddc
_cBK
999 _c24922
_d24922